|
|
|
|
| LEADER |
00000nam0a2200000 4500 |
| 001 |
138978 |
| 005 |
20231031141613.0 |
| 010 |
|
|
|a 5020002828
|b 3950 экз.
|
| 020 |
|
|
|a RU
|b 92-26318
|
| 035 |
|
|
|a (RuTPU)RU\TPU\book\150564
|
| 090 |
|
|
|a 138978
|
| 100 |
|
|
|a 20080531d1992 m a0rusy5003 ca
|
| 101 |
0 |
|
|a rus
|
| 102 |
|
|
|a RU
|
| 105 |
|
|
|a ac z 001zb
|
| 200 |
1 |
|
|a Николай Иванович Лобачевский, 1792-1856
|f А. В. Васильев
|g Российская академия наук (РАН)
|
| 210 |
|
|
|a Москва
|c Наука
|d 1992
|
| 215 |
|
|
|a 227,[2] с.
|c ил.
|d 21 см
|
| 225 |
1 |
|
|a Научно-биографическая серия
|
| 320 |
|
|
|a Список сочинений Н. И. Лобачевского: с. 217-219.
|
| 320 |
|
|
|a Библиогр.: с. 228 (18 назв.)
|
| 327 |
0 |
|
|a В кн. также: А. В. Васильев как ученый и общественный деятель / В. А. Бажанов, А. П. Юшкевич
|
| 600 |
|
1 |
|a Лобачевский
|g Николай Иванович
|c российский математик
|f 1792-1856
|b Н. И.
|2 stltpush
|3 (RuTPU)RU\TPU\pers\981
|
| 610 |
1 |
|
|a математические науки
|
| 610 |
1 |
|
|a ученые
|
| 610 |
1 |
|
|a 19 век
|
| 610 |
1 |
|
|a Россия
|
| 610 |
1 |
|
|a биографии
|
| 675 |
|
|
|a 514.13(092)
|z rus
|
| 700 |
|
1 |
|a Васильев
|b А. В.
|g Александр Васильевич
|4 070
|
| 712 |
0 |
2 |
|a Российская академия наук (РАН)
|2 stltpush
|3 (RuTPU)RU\TPU\col\51
|
| 801 |
|
0 |
|a RU
|b RuMRKP
|c 19950417
|g psbo
|
| 801 |
|
1 |
|a RU
|b 63413507
|c 20080531
|g PSBO
|
| 801 |
|
2 |
|a RU
|b 63413507
|c 20131004
|g PSBO
|
| 942 |
|
|
|c BK
|